Kingdom of the Beasts /
Gespeichert in:
| 1. Verfasser: | |
|---|---|
| Weitere Verfasser: | |
| Format: | Buch |
| Sprache: | Englisch |
| Veröffentlicht: |
Londres, Inglaterra :
Thames and Hudson,
1956, c1956
|
| Schlagworte: | |
| Tags: |
Keine Tags, Fügen Sie das erste Tag hinzu!
|
MARC
| LEADER | 00000nam^a2200000^a^4500 | ||
|---|---|---|---|
| 001 | 000380222 | ||
| 005 | 20250521000000.0 | ||
| 009 | 20260310120549.982 | ||
| 037 | |a Acervo ITESO - Biblioteca | ||
| 041 | |a ING | ||
| 082 | |a 591. |b HUX | ||
| 100 | |a Huxley, Julian |e (autor) | ||
| 245 | 1 | 0 | |a Kingdom of the Beasts / |c J. Huxley ; fotografía de W. Suschitzky. |
| 264 | 4 | |a Londres, Inglaterra : |b Thames and Hudson, |c 1956, c1956 | |
| 300 | |a 79 p., 159 láminas | ||
| 336 | |a texto |b txt |2 rdacontenido | ||
| 337 | |a sin mediación |b n |2 rdamedio | ||
| 338 | |a volumen |b nc |2 rdasoporte | ||
| 649 | |a XX | ||
| 650 | |a Mamíferos | ||
| 650 | |a Animales Extintos | ||
| 650 | |a Animales - |x Tema Principal | ||
| 650 | |a Fauna | ||
| 650 | |a Fotografía de Animales - |x Tema Principal | ||
| 650 | |a Zoología | ||
| 700 | |a Suschitzky, Wolfgang |e (fotógrafo) | ||
| 910 | |a Fondo General | ||
| 920 | |a Impresos - Libros | ||
| 930 | |a Reserva Especial | ||
| 905 | |a 103 | ||
| 901 | |a 0500274783 |b IT1 |c REE |i D77669 |u 20250521 | ||
| 902 | |a https://opac.biblio.iteso.mx/vufind/Record/000380222 | ||